000 00570nam a2200169 i 4500
001 46017
003 ES-MaACL
005 20230906161321.0
007 t|
008 030327s1969 sp ||||1| spa d
100 1 _aCompaire Fernández, Carlos.
_940026
245 1 0 _aQuesos
_b: tecnología y control de calidad /
_cpor Carlos Compaire Fernández.
260 _aMadrid :
_bCapacitación Agraria,
_c1969.
300 _a373 p., 2 lám. :
_bil. ;
_c21 cm.
710 2 _aEspaña.
_bDirección General de Capacitación Agraria.
_93712
852 _aES-MaACL
_jC-48431
_bR.72458
999 _c46017
_d46017